ਦੇਗ ਤੇਗ਼ ਫ਼ਤਹਿ / (Record no. 80868)

MARC details
000 -LEADER
fixed length control field 01084nam a22002657a 4500
005 - DATE AND TIME OF LATEST TRANSACTION
control field 20180210113419.0
008 - FIXED-LENGTH DATA ELEMENTS--GENERAL INFORMATION
fixed length control field 131126b xxu||||| |||| 00| 0 eng d
010 ## - LCCN (DPL NO)
LC control number PUN-7721 B-577583-586 B-669933
020 ## - INTERNATIONAL STANDARD BOOK NUMBER
Terms of availability 595.00
035 ## - SYSTEM CONTROL NUMBER
System control number PN-6839 B-577583
035 ## - SYSTEM CONTROL NUMBER
System control number B-669933
037 ## - SOURCE OF ACQUISITION
Source of stock number/acquisition DBAD / PUB
037 ## - SOURCE OF ACQUISITION
Source of stock number/acquisition Arsee Publishers
040 ## - CATALOGING SOURCE
Original cataloging agency dpl
Language of cataloging pn
082 ## - DEWEY DECIMAL CLASSIFICATION NUMBER
Classification number
100 ## - MAIN ENTRY--PERSONAL NAME
Personal name ਸਹਿਰਾਈ,ਹਰਨਾਮ ਦਾਸ
245 ## - TITLE STATEMENT
Title ਦੇਗ ਤੇਗ਼ ਫ਼ਤਹਿ /
Statement of responsibility, etc ਹਰਨਾਮ ਦਾਸ ਸਹਿਰਾਈ
246 ## - VARYING FORM OF TITLE
Title proper/short title Deg teg Fateh
Remainder of title by Harnam Dass Seharai
260 ## - PUBLICATION, DISTRIBUTION, ETC. (IMPRINT)
Place of publication, distribution, etc Delhi
Name of publisher, distributor, etc Arsee Publishers
Date of publication, distribution, etc 2013
270 ## - ADDRESS
City Delhi
Address Chandni Chowk
Telephone number 011-65966481
300 4# - PHYSICAL DESCRIPTION
Extent 236p.
Dimensions 22ਸੇਂਮੀ (ਸਜਿਲੱਦ)
942 ## - ADDED ENTRY ELEMENTS (KOHA)
Source of classification or shelving scheme Dewey Decimal Classification
Item type Punjabi Bks
Classification part
Call number suffix ਸਹਿਰਾ
Holdings
Withdrawn status Lost status Source of classification or shelving scheme Damaged status Not for loan Collection code Home library Current library Date acquired Source of acquisition Cost, normal purchase price Total Checkouts Full call number Barcode Date last seen Copy number Cost, replacement price Koha item type
    Dewey Decimal Classification     Fiction Ashok Vihar Ashok Vihar 03/11/2017 BPPD/PUN/2016-17/932/7-3-2017 595.00   ਓ ਸਹਿਰਾ B-669933 03/11/2017 1 595.00 Punjabi Bks
    Dewey Decimal Classification     Fiction Central Library Central Library 15/06/2015   595.00   ਓ ਸਹਿਰਾ B-577583 15/06/2015 1 595.00 Punjabi Bks
    Dewey Decimal Classification     Fiction Central Library Central Library 15/06/2015   595.00   ਓ ਸਹਿਰਾ B-577585 15/06/2015 1 595.00 Punjabi Bks
    Dewey Decimal Classification     Fiction Central Library Central Library 15/06/2015   595.00   ਓ ਸਹਿਰਾ B-577586 15/06/2015 1 595.00 Punjabi Bks
    Dewey Decimal Classification     Fiction D.B.Act.Division D.B.Act.Division 26/11/2013 DBAD 595.00   ਓ ਸਹਿਰਾ PN-6839 26/11/2013 1 595.00 Punjabi Bks
    Dewey Decimal Classification     Fiction Mobile Library Mobile Library 15/06/2015   595.00 1 ਓ ਸਹਿਰਾ B-577584 23/04/2016 1 595.00 Punjabi Bks

© Delhi Public Library
Hit Counter
free hit counter